000 00732nam a22002297a 4500
003 UA-OsUOA
001 63036
007 ta
008 20090916b un ||||| |||| 00| 0 ukr d
100 _aКозоріс М.А.
700 _aЛис І.М.
090 _a330(477)
_bК59
942 _cSA
040 _aUA-OsUOA
_bukr
_cUA-OsUOA
_dUA-OsUOA
245 _aОсновні напрями підвищення рівня капіталізації і ліквідності банківських установ
300 _aС.95-103
955 _a0
041 _aukr
080 _a330(477)
773 0 _w63034
_tРегіональна економіка
_dЛьвів
_d2009
_g2
650 7 _a330 Економіка взагалі
_2UDC
999 _c349129
_d349129